[Event "London Classic 8th"]
[Site "London"]
[Date "2016.12.15"]
[Round "6"]
[White "Anand, Viswanathan"]
[Black "Giri, Anish"]
[Result "1/2-1/2"]
[WhiteElo "2779"]
[BlackElo "2771"]
[Annotator "Szabo,Kr"]
[PlyCount "74"]
[EventDate "2016.12.09"]
[EventType "tourn"]
[EventRounds "9"]
[EventCountry "ENG"]
[EventCategory "22"]
[SourceTitle "CBM 176"]
[Source "ChessBase"]
[SourceDate "2017.01.17"]
[SourceVersion "1"]
[SourceVersionDate "2017.01.17"]
[SourceQuality "1"]

1. e4 c5 2. Nf3 d6 3. d4 cxd4 4. Nxd4 Nf6 5. Nc3 a6 6. h3 {Anand likes this
line; he has already won some nice games with White against Topalov, Vachier
Lagrave.} e6 ({4 rounds before Vachier Lagrave played} 6... e5 {against Anand,}
7. Nb3 Be6 8. f4 Nbd7 9. g4 Rc8 10. f5 Bxb3 11. axb3 Rxc3 $5 {was an
interesting sacrifice,} (11... d5 $6 12. exd5 Bb4 13. Bg2 Qb6 14. Bd2 e4 15.
Qe2 $16 {Anand-Vachier Lagrave, London 2016, and White looks nicely placed.})
12. bxc3 Nxe4 13. h4 $1 Be7 14. g5 Qb6 15. Qf3 d5 $132 {with a complicated
middlegame.}) 7. g4 Be7 8. g5 Nfd7 9. h4 b5 10. a3 Bb7 11. Be3 Nc6 12. Qd2 O-O
13. O-O-O Nc5 $146 {A novelty by Giri. In this type of middlegame, the knight
is very rarely on c5. Probably Giri wanted to exert pressure on e4.} (13...
Nxd4 {is the most popular move,} 14. Bxd4 Rc8 15. Rg1 Ne5 16. Qe3 Nc4 17. Bxc4
Rxc4 18. f4 Re8 19. f5 Bf8 20. f6 $40 {Vallejo Pons-Topalov, Leon rapid 2012,
and White has a strong attack.}) (13... Rc8 {is the another option,} 14. Nxc6
Rxc6 15. Kb1 Ne5 16. Rh3 Nc4 17. Qe1 Qa5 18. Bxc4 Rxc4 19. Nd5 Qd8 20. Bb6 Qd7
21. Nxe7+ Qxe7 22. Re3 $14 {Nepomniachtchi-Lu Shanglei, Moscow 2016, and White
is more comfortable.}) 14. f3 Rb8 15. Rg1 Qc7 16. b4 $6 {A smart and ambitious
move, but this is an inaccuracy. This move incurs the weakness of White's
queenside.} ({The natural} 16. Kb1) ({or} 16. h5 {was better to continue the
attack on the kingside.}) 16... Nd7 ({The engine suggests the brilliant seeming
} 16... Ne5 $5 17. f4 (17. bxc5 $6 dxc5 $36) 17... Rbd8 $132 {with a
double-edged fight.}) 17. Ndxb5 $6 {The point of White's previous move. This
is a typical knight sacrifice for three pawns, but now the white king is
becoming weak.} axb5 18. Nxb5 Qc8 19. Nxd6 Bxd6 20. Qxd6 Rd8 {Black protects
his pieces and now he has a lot of threats.} 21. b5 Nde5 $1 {A nice
intermediate move!} 22. Qc5 Rxd1+ 23. Kxd1 Nxf3 $1 {Black has to give back the
piece, but he can continue his attack.} 24. bxc6 Bxc6 25. Rg3 Rb1+ $2 {A
tempting move, but after this White can escape.} (25... Qd8+ $1 {or 25...Qd7
was correct,} 26. Ke2 (26. Bd3 Bxe4 27. Ke2 Bxd3+ 28. cxd3 Nxh4 $17) 26... Bxe4
27. Rxf3 Rb1 $1 $19 {This is the point! Probably Giri didn't see this move.
White is without hope.}) 26. Ke2 Qa6+ ({Still} 26... Nxh4 $5 {meant keeping
the tension.}) 27. Kxf3 Qxf1+ 28. Bf2 Qh1+ 29. Ke3 Qc1+ 30. Kf3 (30. Ke2 $11 {
was also enough to hold.}) 30... Qd1+ 31. Ke3 Qc1+ 32. Kf3 Qh1+ 33. Ke3 Qxe4+
34. Kd2 Qf4+ ({In the event of} 34... Rb8 35. Rd3 {and the white king is safe.}
) 35. Kc3 $1 Rb8 36. Rd3 $1 {Very precise play by Anand.} (36. Qxc6 $2 {
was bad, because of} Qxf2 $17 {and suddenly the white king is very weak again.}
) 36... Rc8 37. Kb2 $1 h5 {...and a draw, because the white king is safe.}
1/2-1/2

[Event "Tata Steel-A 78th"]
[Site "Wijk aan Zee"]
[Date "2016.01.24"]
[Round "8"]
[White "Hou, Yifan"]
[Black "Van Wely, Loek"]
[Result "0-1"]
[WhiteElo "2673"]
[BlackElo "2640"]
[Annotator "Szabo,Kr"]
[PlyCount "86"]
[EventDate "2016.01.16"]
[EventType "tourn"]
[EventRounds "13"]
[EventCountry "NED"]
[EventCategory "20"]
[SourceTitle "CBM 171"]
[Source "ChessBase"]
[SourceDate "2016.03.14"]
[SourceVersion "2"]
[SourceVersionDate "2016.03.14"]
[SourceQuality "1"]

1. e4 c5 2. Nf3 d6 3. d4 cxd4 4. Nxd4 Nf6 5. Nc3 a6 6. Be3 e6 7. g4 h6 8. Qf3 (
8. Bg2 {is more popular.}) 8... Nbd7 9. Qg2 (9. Qh3) ({and} 9. Rg1 {are more
common continuations.}) 9... g5 $146 {The first novelty, but later it will be
a transposition.} (9... Ne5 {was played in two games,} 10. Be2 g5 11. h4 Rg8
12. hxg5 hxg5 13. O-O-O b5 {and the position is transposing to the text move.})
10. O-O-O Ne5 11. Be2 b5 12. h4 Rg8 13. hxg5 hxg5 14. Nf3 $146 {The real new
move in the game.} (14. f4 $6 {was too risky,} Nfxg4 $1 (14... gxf4 $6 15. Bxf4
Qc7 {(B.Savchenko-Cheparinov, Internet 2005)} 16. g5 $1 b4 17. Nb1 Bb7 18. Nd2
Rc8 19. Kb1 $36 {with a nice initiative for White.}) 15. Bxg4 gxf4 16. Bxf4
Rxg4 $132 {with a very complicated middlegame.}) (14. a3 Bb7 15. f3 Rc8 16. Qg3
{(Novikov-Oleksienko, Rodatychi 2006)} (16. Bd2 $5) 16... Rxc3 $1 {A typical
exchange sacrifice in the Sicilian!} 17. bxc3 Qc7 18. Kb2 d5 $1 $36 {with a
great inititive for Black.}) 14... Nexg4 15. Bd4 Bb7 16. Ne1 $6 {Too passive.}
(16. a3 $5) 16... b4 17. Bxg4 bxc3 18. Bxc3 Rc8 {The human reaction.} ({
The greedy engine suggests} 18... Bxe4 19. Bf3 d5 {and probably Black is also
fine.}) 19. Bxf6 Qxf6 20. Nd3 Qd4 (20... Bg7 $5 {was also good to create the Q
and B battery and White's K has become uncomfortable.}) 21. f3 Bg7 22. Kb1 Ke7
{Black connects his Rs and his K is safe on e7.} 23. Qd2 Bf6 24. Rh6 ({In the
event of} 24. c3 Qb6 25. Ka1 a5 $132 {and Black's position is more tempting.})
24... Qb6 25. a3 a5 (25... Bc3 $5 26. Qh2 $13) 26. Qh2 $2 {A mistake. White
misses her only counter-chance!} ({White should have played} 26. e5 $1 dxe5 27.
Nc5 $1 {This is the point!} Qxc5 28. Qd7+ Kf8 29. Rxf6 Qe7 30. Qxe6 Qxe6 31.
Bxe6 Rc7 $11 {with a drawish endgame.}) 26... Bg7 $2 {Error in reply!} (26...
Rh8 $1 {was the correct reply,} 27. Rxh8 Rxh8 28. Qd2 Ba6 $17 {and Black has a
huge initiative.}) 27. Rh5 $2 {Another mistake!} ({The brilliant} 27. Bxe6 $3 {
was the best chance,} fxe6 28. Rg6 $1 $132 {with strong pressure on the
kingside for the piece.}) 27... Ba6 $1 28. Qd2 Bc3 29. Qc1 Bd4 $19 {Black has
a decisive attack, which White can't defend against. Black K is safe on e7 and
his pieces are very powerful.} 30. Qd2 Bxd3 31. cxd3 Rc3 32. Rh2 Rxa3 33. Qc1
Rb8 34. Rc2 Rb3 (34... Qb3 $1 $19 {was stronger, but the text move is also
good.}) 35. Rdd2 Be3 36. Qd1 Bxd2 37. Qxd2 Qg1+ 38. Qc1 Qxc1+ 39. Kxc1 R8b7 40.
d4 a4 41. Bh5 R3b4 42. d5 exd5 43. exd5 Rd4 {What a great struggle!} 0-1

[Event "Biel Masters m 49th"]
[Site "Biel"]
[Date "2016.07.28"]
[Round "3"]
[White "Svidler, Peter"]
[Black "Vachier Lagrave, Maxime"]
[Result "0-1"]
[WhiteElo "2759"]
[BlackElo "2798"]
[Annotator "Vachier Lagrave,M"]
[PlyCount "74"]
[EventDate "2016.07.25"]
[EventType "match"]
[EventRounds "4"]
[EventCountry "SUI"]
[SourceTitle "CBM 174"]
[Source "ChessBase"]
[SourceDate "2016.09.13"]
[SourceVersion "1"]
[SourceVersionDate "2016.09.13"]
[SourceQuality "1"]

1. e4 c5 2. Nf3 d6 3. d4 cxd4 4. Nxd4 Nf6 5. Nc3 a6 6. h3 e6 7. g4 h6 8. Bg2
Be7 9. h4 {An interesting attempt to immediately get things sharp on the
kingside. Of course, the downside is that White loses a few tempi in the
process and Black's king reaches safety in the meantime.} ({Peter went for the
main line} 9. Be3 Nc6 10. f4 Nd7 11. O-O {in the rapid section of the match,
and after} O-O 12. Nce2 Nxd4 13. Nxd4 e5 14. Nf5 exf4 15. Bxf4 Ne5 16. Qd2 Bxf5
17. exf5 Rc8 18. b3 b5 {an interesting battle ensued.}) 9... Nc6 (9... Nfd7 10.
g5 hxg5 11. hxg5 Rxh1+ 12. Bxh1 Bxg5 $2 13. Nxe6 fxe6 14. Qh5+ {wouldn't have
worked out, so 9...Nc6 leaves Black with more options.}) 10. g5 hxg5 11. hxg5
Rxh1+ 12. Bxh1 Nh7 13. Nxc6 bxc6 14. g6 fxg6 15. Qd3 {This was Peter's idea to
force ...e5 as White playing e5 is now a dangerous threat.} e5 16. Qc4 Bd7 ({
I briefly considered} 16... Nf6 17. Qxc6+ Bd7 18. Qc4 Qb6 19. Qb3 {, but I
didn't feel like giving the pawn back so early without any certainty that my
position is sound in the long term, as if White's light-squared bishop comes
back in the game my position would immediately collapse.}) 17. Bd2 $1 (17. Be3
Bg5 18. O-O-O Bxe3+ 19. fxe3 Ke7 $15 {would be completely fine for Black.}) (
17. Qg8+ $6 Nf8 18. Qxg7 Bg5 $15) 17... Bg5 $6 {Not the right decision as my
pawn on d6 will be weak for a while, but I was scared of going} (17... Nf6 18.
O-O-O Qb6 19. f4 {as I missed I could now go} Rb8 20. b3 Qd4 $1 {with an edge.}
) 18. O-O-O Qf6 (18... Bxd2+ 19. Rxd2 Qg5 20. Qb4 $14) 19. Na4 (19. Bxg5 Nxg5
20. Qg8+ Qf8 21. Qxf8+ Kxf8 22. Rxd6 Be8 23. Na4 Ke7 24. Rd3 Bf7 25. Nc5 Rh8
26. Bg2 Ne6 {would be fine for Black.}) 19... Rb8 (19... Qxf2 $3 20. Qg8+ (20.
Bxg5 Nxg5 21. Qg8+ Qf8 22. Qxf8+ Kxf8 23. Rxd6 Be8 $11) 20... Nf8 21. Bxg5 Bg4
{would actually have worked as after} 22. Qc4 Bxd1 23. Qxc6+ Kf7 24. Qd5+ Ne6
$1 25. Qb7+ Kg8 26. Qxa8+ Kh7 27. Kxd1 Nxg5 {the bishop would be lost, and
with that I would actually have the upper hand.}) 20. Bxg5 Qxg5+ (20... Nxg5
21. Qg8+ Qf8 22. Qxf8+ Kxf8 23. Rxd6 Ke7 (23... Be8 24. Nc5 Ke7 25. Rd3 {
and White won a crucial tempo.}) 24. Rxg6 Ne6 25. Bg2 Rf8 26. Bh3 $16) 21. Kb1
Nf6 22. a3 $5 {A very annoying reply which I missed as my rook is not going
tojoin the play via b4 now.} (22. Qxa6 Rb4 23. Nb6 Rd4 24. Rc1 {would also be
better for White but at the same time would give me more counterplay.}) 22...
Qh4 23. Qd3 d5 {I finally manage to get rid of my weakness on d6, but in the
process White gets a crucial square for his knight.} 24. Nc5 (24. exd5 $2 Qxa4
25. dxc6 Bf5 26. c7 Rc8 $19 {would be premature.}) 24... d4 25. Qxa6 Qxf2 26.
Rf1 $1 Qg3 (26... Qe3 27. Qa7 Rd8 28. Qc7 {would win a tempo by attacking the
e5-pawn.}) (26... Qd2 27. Qa7 Rb5 28. Rxf6 $18) 27. Bf3 {A very sensible move
to restrict my queen, but direct action was possible:} (27. Qa7 $1 Rd8 28. Nb7
Bh3 29. Rc1 $1 Rd7 30. Qb8+ Ke7 (30... Kf7 31. Nd8+ Kg8 32. Nxc6+ Kh7 33. Qxe5)
31. Na5 $1 {and White is going to get his pawn back with interest.}) 27... Qh3
$1 {After a long think I realised that not only could I allow Rh1, but also
that it was the only decent option at my disposal.} 28. Rh1 $6 (28. Qd3 Ke7 {
would still have been better for White, but it's not easy to refrain from a
direct attack.}) 28... Qxf3 29. Rh8+ Ke7 30. Rxb8 Nxe4 $1 (30... Qd1+ 31. Ka2
Qxc2 32. Qa7 Kd6 {would have been ok for Black as well, but the text move
works just as well.}) 31. Nxd7 $4 {Falling for my trap. The main problem for
White is that his knight is hindering his other pieces so that he doesn't have
a check; meanwhile his king is defenceless against the Q and N combo.} (31.
Nxe4 Qh1+ 32. Ka2 Qxe4 {would have been completely fine for Black, for
instance after} 33. Qd3 $2 (33. Kb1 Qh1+ $11) 33... Qxd3 34. cxd3 g5 {and
Black could actually win as the g-pawn runs fast.} 35. Kb1 g4 36. Rh8 Kf6 37.
Kc2 g3 38. Rh1 Kg5 {being already completely won.}) (31. Qa5 Qd1+ 32. Ka2 Qxc2
33. Qd8+ Kd6 34. Qxd7+ Kxc5 35. Qa7+ Kc4 36. Qf7+ Kd3 37. Qf3+ $11) 31... Nd2+
$1 (31... Qd1+ 32. Ka2 Nd2 33. a4 $1 {was Peter's idea as his king gets out.
Now I can't play} Qb1+ 34. Ka3 Qa1+ 35. Kb4 Qxb2+ 36. Kc5 Qc3+ 37. Kb6 {
as White would just be getting out of checks and easily win against Black's
lone king.}) 32. Ka2 (32. Kc1 Qe3 33. Kd1 (33. c3 d3 34. b4 Qe1+ 35. Kb2 Qb1#)
33... Nf3 34. Qa5 Qg1+ 35. Ke2 Qg2+ 36. Kd3 Qf1+ 37. Ke4 Qe2#) 32... Qd5+ $1
33. b3 (33. c4 dxc3+ 34. b3 Qe4 $19) (33. Rb3 Kxd7 34. Qa7+ Ke6 35. Qxg7 Kf5 {
was Peter's last chance, but Black is very likely to win this.}) 33... Qh1 34.
a4 Qb1+ 35. Ka3 Qa1+ 36. Kb4 Qc3+ {The point of my intermediate check on move
32.} 37. Ka3 Nb1+ {A fairly lucky win after having been under pressure for
most of this game, but anyway a very intense fight right from the start with a
lot of intricacies. This game also granted me victory in the overall match.} (
37... Nb1+ 38. Ka2 Qxc2+ 39. Ka1 Nc3 {and mate is unavoidable.}) 0-1

[Event "Biel GM"]
[Site "Biel"]
[Date "2000.08.03"]
[Round "9"]
[White "Svidler, Peter"]
[Black "Van Wely, Loek"]
[Result "1-0"]
[WhiteElo "2689"]
[BlackElo "2643"]
[Annotator "Van Wely/Cifuentes"]
[PlyCount "67"]
[EventDate "2000.07.24"]
[EventType "tourn"]
[EventRounds "10"]
[EventCountry "SUI"]
[EventCategory "16"]
[SourceTitle "CBM 079"]
[Source "ChessBase"]
[SourceDate "2000.11.21"]
[SourceVersion "1"]
[SourceVersionDate "2000.11.21"]
[SourceQuality "1"]

1. e4 c5 2. Nf3 d6 3. d4 cxd4 4. Nxd4 Nf6 5. Nc3 a6 6. Be3 e6 7. g4 e5 (7... h5
) (7... h6) 8. Nf5 g6 9. Bg2 $5 (9. g5) 9... d5 (9... gxf5) (9... h5 10. h3
hxg4 11. hxg4 Rxh1+ 12. Bxh1 gxf5 13. exf5) 10. Bg5 gxf5 11. Nxd5 (11. Bxf6
$143 Qxf6 12. Nxd5 Qd6 13. exf5 Nc6 $1 (13... Bh6 14. h4 Bf4 15. Qe2 O-O 16.
Rd1 Nc6 17. c3 Qc5 18. Be4 Qb5 19. Qf3 Rd8 20. g5 Rxd5 21. Rxd5 Qxb2 22. O-O
Bxf5 23. Bxf5 Ne7 24. Be4 Nxd5 25. Bxd5 Qb6 26. Bxb7 Rf8 27. Rd1 h6 28. Be4
hxg5 29. Qh5 Rd8 30. Bd5 Rd7 31. hxg5 Kg7 32. c4 Qg6 33. Qxg6+ fxg6 34. Rb1
Bxg5 35. Rb6 a5 36. Be4 Rd4 37. Rxg6+ Kf7 38. Bf5 Bf6 39. Rg4 Rxg4+ 40. Bxg4
Be7 41. Kf1 Bc5 42. Ke2 Ke7 43. f3 Kd6 {1/2-1/2 Sax,G-Gelfand,B/Eupen BEL 1999
(43)}) 14. Qe2 h5 15. O-O-O hxg4 $1 16. Nb6 Nd4 17. Rxd4 Qxd4 18. Nxa8 Bc5 19.
Nc7+ Kf8 20. Nd5 Bxf5 $15 21. Ne3 Qf4 22. Bxb7 Rh3 23. Qd2 Rxe3 24. Qd8+ Kg7
25. fxe3 Bxe3+ 26. Kb1 Qc4 27. Qd1 Bd4 28. Qc1 f6 29. Rd1 a5 30. b3 Qc3 31.
Rxd4 Qxd4 32. Qf1 Bg6 33. Qc4 Qg1+ 34. Kb2 Qxh2 35. Qxg4 Qxc2+ 36. Ka3 Qc5+ 37.
Kb2 f5 38. Qc4 Qxc4 39. bxc4 Kf6 40. Kc3 f4 41. c5 Ke7 42. a3 Kd7 43. Kc4 Bc2
44. Kd5 e4 45. Kd4 f3 46. Ke3 Ke6 47. Bc6 Ke5 48. Bb7 Bd3 49. Ba8 Kf5 50. Bb7
Ke6 51. Bc6 {1/2-1/2 Ponomariov,R-Gelfand,B/Biel SUI 2000}) 11... Be7 $1 (11...
Qa5+ $5 12. Bd2 Qd8 13. Bg5 Qa5+) 12. Bxf6 Bxf6 13. exf5 h5 14. h3 Bd7 (14...
hxg4 $5 15. hxg4 Rxh1+ 16. Bxh1 Bd7 17. Nxf6+ Qxf6 18. Bxb7 Ra7 19. Qd5 Bc6 (
19... Nc6 $2 20. g5 $1 Qxg5 21. Bxc6 Qg1+ 22. Ke2 (22. Kd2 $2 Qxf2+) 22... Qxa1
23. Qxe5+ Kf8 (23... Kd8 24. Qb8+) 24. f6 $3 Bxc6 25. Qb8+ Be8 26. Qd6+ $1 $18)
20. Bxc6+ Qxc6 $13) 15. Qd3 $6 $146 (15. Qe2 $142 hxg4 16. hxg4 Rxh1+ 17. Bxh1
Bc6 18. O-O-O Bxd5 (18... Nd7 19. f4 Bxd5 20. Bxd5 Qe7 21. Bxb7) 19. Bxd5 Bg5+
$13 {1/2-1/2 Tolnai-Gavrikov, Berlin 1989}) (15. Nxf6+ Qxf6 16. Bxb7 Ra7 17.
Qd5 Qe7 (17... O-O $5 18. Rg1 h4) 18. O-O-O Bxf5 19. Rhe1 Rxb7 20. gxf5 f6 21.
f4 Rd7 22. Qb3 Rxd1+ 23. Rxd1 Nd7 24. Qb7 $13) 15... hxg4 16. O-O-O gxh3 17.
Rxh3 Rxh3 18. Qxh3 Bc6 19. Qh7 Kf8 $2 (19... Nd7 $142 20. f4 Rc8 $1 (20... Nf8
$2 21. Qh6) 21. Kb1 (21. Nxf6+ Qxf6 22. Qg8+ Nf8 23. Re1 Rc7 (23... Bxg2 24.
Rxe5+ Kd8 25. Qxf8+ Kd7) 24. Rxe5+ Re7) (21. Re1 Nf8 22. Qh1 Bg7 23. fxe5 Bxd5
(23... Qg5+ 24. Kb1 Qxf5 25. Bh3 Bxd5 26. Bxf5 Bxh1 27. Bxc8 Bd5) 24. Bxd5 Qg5+
25. Kb1 Qxf5 26. Qg2 Rc5) (21. fxe5 Bxe5 22. f6 Qa5 $1) (21. Qg8+ Nf8 22. Nxf6+
Qxf6 23. Re1 Bxg2 24. Rxe5+ Kd8 $19) 21... Nf8 22. Qh6 Bxd5 23. Bxd5 Qc7 24. c3
Qe7 25. Re1 Rc7 26. fxe5 Bxe5 27. f6 Qd6 28. Qh5 Ng6 29. Be4 Nf4 30. Qh8+ Qf8
31. Qh7 Ne6 32. Bxb7 Rxb7 33. Rxe5 Rb5 $17) 20. Be4 (20. Rd3 Bxd5 (20... e4 21.
Bxe4 Bxd5 22. Bxd5 Bg7 23. Bxf7 (23. Bxb7 Qg5+ 24. Kd1 Ra7 25. f6 Bxf6 (25...
Qxf6 26. Qh3 Qe6 27. Qh4 Bf6 28. Qb4+) (25... Qg4+ 26. Ke1 Qe6+ 27. Kf1 Qxf6
28. Qh3 Qe6 29. Qh4) 26. Rg3 Qf4 27. Qg8+ Ke7 28. Re3+ Qxe3 (28... Be5 29. Rd3
Bc7 (29... Bd6) (29... Rxb7 30. Qd8+ Ke6 31. Qd5+) 30. Re3+ $11) 29. fxe3 Rxb7
$11) (23. Qh5 Qf6 24. Rb3 Qh6+ (24... Ra7) (24... Qe7 25. Re3 Qd7)) 23... Qg5+
24. Rd2 (24. f4 Qxf4+ 25. Rd2 Kxf7 26. Qg6+ Kf8) 24... Bh6) 21. Bxd5 Bg7 22.
Bxf7 $1 (22. Bxb7 Qg5+ 23. f4 Qxf4+) 22... Qg5+ 23. f4 $1 Qxf4+ 24. Rd2 $1 Kxf7
(24... Bh6 25. Qg8+ Ke7 26. Qe8+ Kf6 27. Qe6+ Kg7 (27... Kg5 28. Qg6+ Kh4 29.
Qh5+ Kg3 30. Qh2+ Kg4 31. Qh5+ $11) 28. Qg6+ $11) 25. Qg6+ Kg8 26. Qe6+ $11) (
20. Ne3 Nd7 21. Bxc6 bxc6 22. Ng4 Bg5+ $1 23. f4 (23. Kb1 Nf6 24. Rxd8+ Rxd8
25. Qh1 Nxg4) 23... Nf6 $1 24. Rxd8+ Rxd8 25. Qh1 Bxf4+ 26. Kb1 Nxg4 $19) (20.
Nf4 Qxd1+ 21. Kxd1 exf4 22. Bxc6 Nxc6 23. Qh6+ Ke7 24. Qxf4 Rd8+) 20... Bxd5 $8
21. Bxd5 Qd7 $1 (21... Bg7 22. Bxf7 $1 Qg5+ 23. f4 Qxf4+ 24. Kb1 Qf3 25. Rg1
$18) (21... Bg5+ $2 22. Kb1 Qf6 23. Rg1 Ke7 24. Qg8 $18) 22. Bf3 (22. c4 Nc6
23. Be6 (23. Rg1 Nd8 24. Rg8+ Ke7 25. Qh6 (25. Bxf7 Nxf7 26. Rxa8 Bg5+) 25...
Ne6 (25... Qxf5) 26. fxe6 Rxg8 27. exd7 Bg5+ 28. Qxg5+ Rxg5 29. Bxb7 a5) 23...
Qe8 $1 (23... Bg5+ 24. Kc2 Nb4+ 25. Kc3 Nxa2+ 26. Kc2 Nb4+ 27. Kc3 $11) 24. Rd7
Ne7) (22. c3 Nc6 23. Be6 Bg5+ 24. Kc2 Nb4+ $1 25. cxb4 Rc8+ $19) 22... Qc7 (
22... Qe7 23. Rg1 Ke8 24. Rg8+ Kd7 25. Bxb7 Ra7 26. Qh1 e4 (26... Qd6) 27. Bxe4
$36) (22... Qa4 $5 23. Bd5 (23. Kb1 Qh4 24. Bh5 (24. Qxh4 Bxh4 25. Rh1 Bf6 26.
Bxb7 Ra7 27. Bd5) 24... Bg7 25. Rd6 (25. a3 Qf6 (25... Nc6 26. Rd7 Ne7 (26...
Nd8))) 25... Ke7 26. Rd1 Nd7) 23... Qd7 24. Bf3) 23. Rg1 Qc4 $2 (23... Ke7 $1
24. Bd5 (24. Bh5 Kd6 25. Bxf7 Qe7 26. Qg8 Kc7 27. Be6 Kb6) 24... Kd6 25. Rd1
Nc6 $1 26. Bxf7+ (26. b4 Nd4) 26... Kc5 27. Qg6 Qe7 $15) (23... e4 $2 24. Bh5
$1 Bxb2+ 25. Kxb2 Qb6+ 26. Kc1 Qf6 27. Rg8+ Ke7 28. Bxf7 $1) 24. Bxb7 $16 e4 $6
(24... Qxa2 25. Qg8+ Ke7 26. Bxa8 (26. c3 Nc6 27. Bxa8 Na5 28. Rd1 Nb3+ 29. Kc2
Na1+ 30. Rxa1 Qxa1 31. Bc6) 26... Qa1+ 27. Kd2 Qxb2 28. Qc8 $18) (24... Nc6
$142 25. Bxa8 Nd4 (25... Nb4 26. Qh6+ Ke7 27. Qd2) 26. Qg8+ Ke7 27. c3 Ne2+ 28.
Kb1 Qd3+ 29. Ka1 Nxg1 30. Qxg1 Qxf5 31. f3 $16) 25. Qg8+ Ke7 26. Bxa8 Qxa2 (
26... Qb4 27. c3 Bxc3 28. Qg5+ Bf6 29. Qd2 $18) 27. Qxb8 (27. c3) 27... Qa1+
28. Kd2 Qxg1 29. Qb4+ Kd7 30. Qb7+ Kd8 31. Qb6+ Ke7 (31... Ke8 $142 32. Bxe4 (
32. Qxf6 $2 Qxf2+ 33. Kc3 Qc5+ $11)) 32. Qc5+ Kd8 33. Qd6+ Kc8 34. Qc6+ 1-0

[Event "Dieren op"]
[Site "Dieren"]
[Date "1999.07.28"]
[Round "9"]
[White "Van den Doel, Erik"]
[Black "Van Wely, Loek"]
[Result "1-0"]
[WhiteElo "2528"]
[BlackElo "2629"]
[Annotator "Van den Doel,E"]
[PlyCount "47"]
[EventDate "1999.07.20"]
[EventType "swiss"]
[EventRounds "9"]
[EventCountry "NED"]
[SourceTitle "CBM 071 Extra"]
[Source "ChessBase"]
[SourceDate "1999.09.14"]
[SourceVersion "1"]
[SourceVersionDate "1999.09.14"]
[SourceQuality "1"]

1. e4 c5 2. Nf3 d6 3. d4 cxd4 4. Nxd4 Nf6 5. Nc3 a6 6. Be3 e6 7. g4 e5 8. Nf5
g6 9. g5 gxf5 10. exf5 d5 11. gxf6 d4 12. Bc4 Qc7 13. Qd3 dxe3 14. f4 $146 (14.
O-O-O exf2 {is nothing for White. So I reasoned: I will just play f4 first so
he can't take on f2, and then I will castle long after that! I had seen he
could play ...Bb4 and eliminate my dangerous knight on c3, but I decided just
to give it a go. It's great to be young and reckless!}) 14... Bb4 15. O-O-O
Bxc3 16. bxc3 Nc6 17. Rhg1 e2 $4 ({The cool} 17... exf4 {gives Black a big
advantage. Easy to see with a computer running but in a practical game a quote
from Tal comes to mind: "You must take your opponent into a deep dark forest
where 2+2=5 and the path leading out is only big enough for one."} 18. Rg7 (18.
Qd5 Ne5 19. Qe4 (19. Qg2 {threatening Qg8!} Rf8 20. Qe4 Bd7 {and Black is
winning}) 19... Bd7 20. Bxf7+ Kxf7 21. Rxd7+ Qxd7 22. Rg7+ Kxf6 23. Rxd7 Nxd7
24. Qe6+ Kg5 25. Qxd7 Rae8 {and even though White has won back a lot of
material, he is losing due to the strong black passed pawns.}) 18... Rf8 19.
Be6 Ne5 20. Qd4 e2 21. Re1 f3 {again the pawns have become a force. Black is
winning.}) (17... Rf8 18. Qxe3 Bxf5 19. Qc5 Rd8 20. Bd5 Rxd5 21. Rxd5 Be6 22.
Rd6 exf4 23. Rg7 Bd7 24. Rd1 Be6 25. Re1 Qc8 26. Qd6 Qd7 27. Qxf4 Qd8 28. Reg1
Qb8 29. Qh6 Qd6 30. R1g2 Qa3+ 31. Kd1 Qxc3 32. R7g3 Qa1+ 33. Kd2 Qd4+ 34. Kc1
Qa1+ 35. Kd2 Qd4+ 36. Kc1 Qc5 37. Rd2 Qe5 38. c3 Qc5 39. Qf4 Qe5 40. Qf2 Qa5
41. Qf4 Qe5 {1/2-1/2 (41) Naiditsch,A (2663)-Belov,V (2600) Moscow 2007}) 18.
Qxe2 Bxf5 19. Qh5 Be4 (19... Bg6 $2 20. Rxg6 fxg6 21. f7+ Kf8 22. Qh6+ Ke7 23.
Qg5+ Kf8 24. Qf6 {wins.}) (19... Bxc2 20. Kxc2 Nd4+ 21. Kb1 Qxc4 22. Qxe5+ Ne6
23. f5 Qf4 24. Rd5 Qxe5 25. Rxe5 {and White is clearly better.}) 20. fxe5 Na5 {
He misses White's next move.} (20... Nd8 21. e6 Qxc4 22. Rd7 $1 {threatening
Re7+.} Qxe6 23. Re7+ Qxe7 24. fxe7 Nc6 (24... Ne6 25. Qe5 {wins for White}) 25.
Qh6 Nxe7 (25... Kxe7 26. Qh4+) 26. Qf6 O-O-O (26... Rf8 27. Re1 {wins}) 27.
Qxe7 Bg6 28. h4 h5 29. Re1 Kb8 30. c4 {and White is winning.}) 21. Be6 {
Now it is all over.} Rf8 (21... Rd8 22. Bxf7+ Qxf7 23. Rxd8+ Kxd8 24. Qxf7 {
wins.}) 22. Bd7+ Qxd7 23. Rxd7 Kxd7 24. Qg4+ 1-0